000
00270 a2200109 4500
005
20250628180022.0
020
_a
978-0-85732-005-6
245
_a
Advanced Audit and Assurance
260
_a
Britain
_b
Kaplan
_c
2010
300
_a
xviii, 314p.: ill;Table
_c
29cm
942
_2
ddc
_c
BKS
999
_c
6150
_d
6150